| 000 | 01303cad a22002655a 4500 | ||
|---|---|---|---|
| 001 | E148495 | ||
| 008 | 090924s2009 stk f s000 0 eng d | ||
| 020 | _a9780755976560 | ||
| 035 | _a(Sirsi) u148495 | ||
| 041 | 0 | _aeng | |
| 050 | 0 | 4 | _a711.1 $2 18 |
| 110 | 2 |
_aScotland _bScottish Government _95344 |
|
| 245 | 0 | 0 |
_aPlanning enforcement _bplanning circular 10 2009 _h[electronic resource] |
| 260 |
_aEdinburgh _bScottish Government _c2009 |
||
| 490 | 0 |
_aPlanning Circular _v(10/2009) |
|
| 520 | _aSets out Scottish Government policy on the enforcement powers contained in the Town and Country Planning (Scotland) Act 1997, as amended by the Planning etc. (Scotland) Act 2006. Contains specific advice relating to: listed buildings; conservation areas; advertisements; special enforcement notices; hazardous substances contravention notices; and tree preservation orders. | ||
| 521 | _aAdvanced | ||
| 590 | _aKA | ||
| 650 | 1 | 4 | _aTOWN AND COUNTRY PLANNING (SCOTLAND) ACT 1997 |
| 650 | 2 | 4 | _aPLANNING ETC. (SCOTLAND) ACT 2006 |
| 651 | 4 |
_aScotland _y1999- |
|
| 690 | _aENVIRONMENTAL AND LAND CONSULTANCY-PLANNING AND DEVELOPMENT-PLANNING GUIDANCE | ||
| 856 | 4 | 0 |
_uhttps://www.scotland.gov.uk/Publications/2009/09/16092848/0 _zView the circular free of charge at www.scotland.gov.uk... |
| 942 | _n0 | ||
| 999 |
_c110065 _d110065 |
||